Dictators face to face (Record no. 357422)

000 -LEADER
fixed length control field 00509cam a22001817a 4500
008 - FIXED-LENGTH DATA ELEMENTS--GENERAL INFORMATION
fixed length control field 180718b1956 xxu||||| |||| 00| 0 eng d
082 ## - DEWEY DECIMAL CLASSIFICATION NUMBER
Classification number A99 A128
100 ## - MAIN ENTRY--PERSONAL NAME
Personal name Alfieri, D.
245 ## - TITLE STATEMENT
Title Dictators face to face
Statement of responsibility, etc. by D. Alfieri and David Moore
260 ## - PUBLICATION, DISTRIBUTION, ETC.
Place of publication, distribution, etc. New York
Name of publisher, distributor, etc. New York Univ. Press
Date of publication, distribution, etc. 1956
300 ## - PHYSICAL DESCRIPTION
Extent 307p.
500 ## - GENERAL NOTE
General note $4.95
650 ## - SUBJECT ADDED ENTRY--TOPICAL TERM
Topical term or geographic name entry element Italy - History
650 ## - SUBJECT ADDED ENTRY--TOPICAL TERM
Topical term or geographic name entry element Germany - History
650 ## - SUBJECT ADDED ENTRY--TOPICAL TERM
Topical term or geographic name entry element Mussolini Benito. 1883-1945
650 ## - SUBJECT ADDED ENTRY--TOPICAL TERM
Topical term or geographic name entry element Hitler. Adolf, 1889-1945
700 ## - ADDED ENTRY--PERSONAL NAME
Personal name Moore, David
Holdings
Withdrawn status Lost status Damaged status Not for loan Permanent Location Current Location Date acquired Full call number Barcode Date last seen Price effective from Koha item type
        Indian Institute of Public Administration Indian Institute of Public Administration 1994-01-13 A99 A128 4776 2018-07-21 2018-07-21 Book

Powered by Koha